Statistics for Real Madrid CF Squad 2015-2016

Click here to take the quiz!

General Stats

  • This quiz has been taken 86 times
  • The average score is 21 of 25

Answer Stats

#PositionNationPlayer% Correct
7FWPortugalCristiano Ronaldo
100%
11FWWalesGareth Bale
100%
8MFGermanyToni Kroos
100%
14MFBrazilCasemiro
98%
9FWFranceKarim Benzema
98%
1GKCosta RicaKeylor Navas
98%
3DFPortugalPepe
98%
2DFFranceRaphaël Varane
98%
4DFSpainSergio Ramos
98%
10MFColombiaJames Rodríguez
96%
19MFCroatiaLuka Modrić
96%
12DFBrazilMarcelo Vieira
95%
-CoachFrance
Zinédine Zidane
91%
16MFCroatiaMateo Kovačić
91%
6DFSpainNacho Fernández
89%
13GKSpainKiko Casilla
86%
22MFSpainIsco
84%
15DFSpainDaniel Carvajal
77%
18FWSpainLucas Vázquez
68%
20FWSpainJesé Rodríguez
66%
23DFBrazilDanilo
59%
21FWRussiaDenís Chéryshev
57%
-CoachSpain
Rafa Benítez
57%
17DFSpainÁlvaro Arbeloa
52%
31GKSpainRubén Yáñez
34%

Score Distribution

Percentile by Number Answered

Percent of People with Each Score

Your Score History

You have not taken this quiz